Porovnanie CASE systémov pri analýze a návrhu informačného systému : Bakalárska práca

Saved in:
Bibliographic Details
Main Author: Švarcová, Bibiana (Author)
Other Authors: Jedlička, Martin, 1979- (xxx)
Format: Manuscript Book
Language:Slovak
Published: Trnava : STU v Bratislave MtF KAIA, 2004
Subjects:
Tags: Add Tag
No Tags, Be the first to tag this record!

MARC

LEADER 00000ntm a22000003a 4500
001 stu91014
005 20160719154629.2
008 041014s2004----xo------------------slo-d
040 |a STU  |b slo 
041 0 |a slo 
044 |a xo 
100 1 |a Švarcová, Bibiana  |4 aut 
245 1 |a Porovnanie CASE systémov pri analýze a návrhu informačného systému :  |b Bakalárska práca 
260 |a Trnava :  |b STU v Bratislave MtF KAIA,  |c 2004 
300 |a 43 s  |c 1 CD 
650 7 |a aplikovaná informatika a automatizácia v priemysle  |2 stusub 
650 7 |a CASE  |2 stusub 
700 1 |a Jedlička, Martin,  |d 1979-  |4 xxx  |u M180  |U MTF Materiálovotechnologická fakulta  |T MTF Katedra aplikovanej informatiky a automatizácie  |X 5246  |U M180  |Y 166  |7 A000005246 
996 |b 284M060666  |c M*BP-834  |l MMSKP  |s P  |a 0  |w stu91014_0001